| 000 | 00570nam a22002057a 4500 | ||
|---|---|---|---|
| 003 | OSt | ||
| 005 | 20140310182946.0 | ||
| 008 | 130205t xxu||||| |||| 00| 0 eng d | ||
| 020 | _a9712709329 | ||
| 050 |
_aQ 141 _b.N277 2000 |
||
| 082 |
_aFIL 920 _b.P53 2000 |
||
| 245 |
_aNational scientists of the Philippines (1978-1998) _cNational Academy of Science and Technology |
||
| 260 |
_aPasig _bAnvil _cc2000 |
||
| 300 |
_aix, 298 p. _c26 cm. _bill. |
||
| 521 | _acollege students | ||
| 526 | _c1210L-1700L | ||
| 541 | _j1 | ||
| 562 | _e1 | ||
| 942 |
_2lcc _cBK _kFIL |
||
| 999 |
_c17822 _d17822 |
||